[Event "Challenge"]
[Site "http://www.queenalice.com/game.php?id=910878"]
[Date "2011.3.10"]
[Round "-"]
[White "Andreu"]
[Black "MMontse"]
[Result "1-0"]
[WhiteElo "1886"]
[BlackElo "1500"]

1. e4 e5 2. Nf3 Nc6 3. Bc4 f6 4. O-O g5 5. h3 d6 6. c3 Na5 7. Be2 c5 8. Qa4+ Nc6
9. Qb3 a5 10. Bc4 Nh6 11. d3 b6 12. Bd5 Bb7 13. Qb5 a4 14. Bxc6+ Ke7 15. Bxb7
Ra7 16. Bd5 Ra5 17. Qc6 Bg7 18. Nbd2 Kf8 19. Nc4 f5 20. Nxa5 bxa5 21. Bxg5 Qb8
22. Qd7 Qe8 23. Qxd6+ Qe7 24. Bxe7+ Ke8 25. Qd8# 1-0

[Event "Let's Play Chess!"]
[Site "http://www.queenalice.com/game.php?id=911679"]
[Date "2011.3.12"]
[Round "-"]
[White "tucuman"]
[Black "MMontse"]
[Result "1-0"]
[WhiteElo "1642"]
[BlackElo "1248"]

1. e4 e5 2. Nf3 d6 3. Bc4 Nf6 4. d3 c6 5. Bg5 c5 6. O-O a6 7. a3 Nc6 8. Nc3 h6
9. Bxf6 gxf6 10. h3 a5 11. Nd5 b6 12. Bb5 Bd7 13. Nh4 h5 14. Nf5 Nd4 15. Bxd7+
Kxd7 16. Nxd4 cxd4 17. Qf3 Bg7 18. c4 Rb8 19. b4 Ke8 20. b5 h4 21. a4 Rh6 22.
Qe2 f5 23. exf5 Rc8 24. f4 f6 25. fxe5 dxe5 26. Qg4 Rc5 27. Qe4 Rh5 28. Rf4 Bh6
29. Rxh4 Rxh4 30. Qxh4 Bd2 31. Qh8+ Kd7 32. Qxd8+ Kxd8 33. Nxf6 Bg5 34. Nd5 e4
35. dxe4 Rxc4 36. Nxb6 Rc3 37. Rd1 d3 38. Nd5 Ra3 39. Kh2 Rxa4 40. Rxd3 Rxe4 41.
Ra3 Re5 42. Nc3 Bf4+ 43. g3 Bd2 44. Nb1 Bb4 45. Rf3 Rxb5 46. g4 Re5 47. h4 Re1
48. Rb3 Re2+ 49. Kh3 Be7 50. g5 Re5 51. f6 a4 52. Rd3+ Kc7 53. fxe7 Rxe7 54. Kg4
Re4+ 55. Kf5 Rxh4 56. g6 Rh5+ 57. Kf6 Rh1 58. g7 Rf1+ 59. Ke7 Re1+ 60. Kf6 Re8
61. Kf7 Rd8 62. g8=Q Rxd3 63. Qg4 Rd1 64. Qxd1 Kb6 65. Qxa4 Kc7 66. Qd4 1-0

[Event "Challenge"]
[Site "http://www.queenalice.com/game.php?id=912503"]
[Date "2011.3.14"]
[Round "-"]
[White "ElvisCarvalho"]
[Black "MMontse"]
[Result "0-1"]
[WhiteElo "916"]
[BlackElo "1293"]

1. g4 e5 2. Nh3 c5 3. f3 Na6 4. Ng5 Qxg5 5. Bh3 h5 6. a4 Qh4+ 7. Kf1 Qxh3+ 8.
Kf2 hxg4 9. Qe1 d5 10. e3 Qg2+ 11. Kxg2 f5 12. h4 Nf6 13. Nc3 Nb4 14. Qf1 Nxc2
15. Ra2 e4 16. fxg4 Nb4 17. Ra1 Nxg4 18. Nxd5 Nxd5 19. h5 b6 20. Ra3 f4 21. Rh4
Nb4 22. Qb5+ Bd7 23. Qxd7+ Kxd7 24. Rxg4 Nc2 25. Rc3 Ne1+ 26. Kf1 Nf3 27. Rg6
Rxh5 28. Rc4 Rh1+ 29. Kg2 Nh4+ 30. Kf2 Nxg6 31. d4 Nh4 32. exf4 Bd6 33. dxc5
bxc5 34. f5 Nxf5 35. Rxe4 Rxc1 36. Kf3 Rf1+ 37. Ke2 Ng3+ 38. Kd3 Rb8 39. Rd4
cxd4 40. Kxd4 Rd1+ 41. Kc3 Ne4+ 42. Kc2 Nf2 43. b3 Be5 44. a5 Rb4 45. a6 Ra1 46.
Kd2 Rxb3 47. Ke2 Bd4 48. Kd2 Rb2# 0-1

[Event "ens hi juguem un streptease? "]
[Site "http://www.queenalice.com/game.php?id=913502"]
[Date "2011.3.16"]
[Round "-"]
[White "MMontse"]
[Black "Andreu"]
[Result "0-1"]
[WhiteElo "1344"]
[BlackElo "1971"]

1. e4 e5 2. c4 Nf6 3. d3 Bc5 4. Nf3 Nc6 5. a4 Ng4 6. Be3 Bxe3 7. Qe2 Bxf2+ 8.
Kd2 Be3+ 9. Ke1 d6 10. g3 Bd4 11. h4 O-O 12. Na3 Bf2+ 13. Kd1 Bxg3 14. Rh3 Bf4
15. h5 Ne3+ 16. Kc1 Nxf1+ 17. Kd1 Bxh3 18. Qh2 Nxh2 19. Ng1 Bg4+ 20. Kc2 Nd4+
21. Kb1 c5 22. Nb5 Qh4 23. Nxd6 Nb3 24. Nf5 Qe1+ 25. Kc2 Nxa1# 0-1

[Event "Challenge"]
[Site "http://www.queenalice.com/game.php?id=916060"]
[Date "2011.3.22"]
[Round "-"]
[White "Vitocknick"]
[Black "MMontse"]
[Result "1-0"]
[WhiteElo "1488"]
[BlackElo "1344"]

1. e4 e5 2. Nf3 c5 3. c3 d6 4. Bb5+ Ke7 5. d4 Qb6 6. Ba4 Nf6 7. dxe5 Nxe4 8.
exd6+ Nxd6 9. Qe2+ Kd8 10. Bf4 Nf5 11. Qe8# 1-0

[Event "em deus un streptease"]
[Site "http://www.queenalice.com/game.php?id=918887"]
[Date "2011.3.29"]
[Round "-"]
[White "Andreu"]
[Black "MMontse"]
[Result "1-0"]
[WhiteElo "1997"]
[BlackElo "1297"]

1. e4 e5 2. d4 Bb4+ 3. Bd2 Nc6 4. d5 Bxd2+ 5. Nxd2 Nd4 6. Ngf3 d6 7. Nxd4 exd4
8. Nb3 c6 9. Qxd4 Nh6 10. Qxg7 Rg8 11. Qxh6 Rg6 12. Qxh7 Rf6 13. dxc6 bxc6 14.
O-O-O c5 15. e5 Qe7 16. exf6 Qxf6 17. Qg8+ Ke7 18. Bb5 Qxf2 19. Rde1+ Kf6 20.
Rhf1 Qf5 21. Rxf5+ Kxf5 22. Qxf7+ Kg5 23. Re8 a5 24. Rg8+ Kh6 25. Qg6# 1-0

[Event "Challenge"]
[Site "http://www.queenalice.com/game.php?id=923599"]
[Date "2011.4.8"]
[Round "-"]
[White "Piotr70"]
[Black "MMontse"]
[Result "1-0"]
[WhiteElo "1306"]
[BlackElo "1297"]

1. e4 e5 2. Nf3 d6 3. Nc3 c5 4. Nd5 Nh6 5. Bc4 b6 6. O-O Nc6 7. c3 a5 8. Bb5 Bb7
9. d4 Ng4 10. h3 Nf6 11. Re1 1-0

[Event "Challenge"]
[Site "http://www.queenalice.com/game.php?id=925876"]
[Date "2011.4.14"]
[Round "-"]
[White "LuizFerreira"]
[Black "MMontse"]
[Result "1-0"]
[WhiteElo "1315"]
[BlackElo "1333"]

1. d4 d5 2. Nf3 Nc6 3. c3 Nf6 4. e3 b5 5. Bxb5 Bb7 6. a4 Ne4 7. a5 e6 8. Ng5
Qxg5 9. Rg1 h5 10. f3 Qh4+ 11. g3 Qxh2 12. Kf1 Nxg3+ 13. Rxg3 Qxg3 14. Nd2 f5
15. a6 Rb8 16. axb7 Qd6 17. Qa4 Ke7 18. Bxc6 Qg3 19. Qxa7 Rxb7 20. Qxb7 Kf6 21.
Qc8 Qh3+ 22. Ke2 Qg2+ 23. Kd1 Qg1+ 24. Kc2 Qxe3 25. Qd8+ Kg6 26. Be8+ Kh6 27.
Qxc7 h4 28. b3 h3 29. Ra6 h2 30. Qxh2+ Kg5 31. Qg3+ Kf6 32. Qg6+ Ke7 33. Ba3+
Kd8 34. Qf7 Bxa3 35. Ra8# 1-0

[Event "Challenge"]
[Site "http://www.queenalice.com/game.php?id=926339"]
[Date "2011.4.15"]
[Round "-"]
[White "MMontse"]
[Black "Vivianna"]
[Result "1-0"]
[WhiteElo "1273"]
[BlackElo "1287"]

1. e4 e5 2. Nf3 f6 3. c4 Bc5 4. g4 Nc6 5. Nc3 Nh6 6. h3 d6 7. d3 Qe7 8. Nd5 Qd7
9. a3 Nd4 10. Bxh6 gxh6 11. Nxf6+ Kf8 12. Nxd7+ Bxd7 13. b3 Rg8 14. b4 Bb6 15.
Bg2 Rg7 16. Rb1 Rf7 17. Nh4 a5 18. b5 Bc5 19. Qd2 Rf6 20. a4 Bb4 21. Rxb4 axb4
22. Qb2 c5 23. f3 b3 24. Kf1 Rxa4 25. Qc3 Ra2 26. Nf5 b2 27. Qe1 Nc2 28. Qd1 Na3
29. Ke2 b1=Q+ 30. Ke3 Bxf5 31. Qxb1 Nxb1 32. Rxb1 Rxg2 33. exf5 Rg3 34. Rh1 Rf7
35. Kf2 e4 36. Kxg3 e3 37. Kh4 e2 38. f4 Rf6 39. b6 h5 40. Kxh5 Kg7 41. Re1 h6
42. Rxe2 Rf7 43. Re6 Rd7 44. Rxh6 d5 45. f6+ Kf7 46. g5 Ke6 47. g6 Rd8 48. f7
Kf6 49. Rh7 Rf8 50. cxd5 Rd8 51. d6 1-0

[Event "Challenge"]
[Site "http://www.queenalice.com/game.php?id=926714"]
[Date "2011.4.16"]
[Round "-"]
[White "palergiuseppe"]
[Black "MMontse"]
[Result "0-1"]
[WhiteElo "1387"]
[BlackElo "1303"]

1. e4 e5 2. Nf3 c5 3. Bb5 Nh6 4. Nxe5 f6 5. Nc4 a6 6. Ba4 g5 7. d3 b5 8. Qh5+
Ke7 9. Ne3 bxa4 10. a3 d6 11. Nd5+ Ke6 12. Qh3+ Kf7 13. Qh5+ Kg8 14. Nbc3 Bg4
15. Nxf6+ Qxf6 16. Qe8 Bf3 17. Be3 Bxg2 18. Rg1 Bh3 19. Qxa4 g4 20. Qb3+ Kg7 21.
O-O-O Qe5 22. Qb7+ Qe7 23. Qxa8 Nd7 24. Nd5 Qe5 25. Bf4 Qd4 26. Qxa6 Qxe4 27.
dxe4 Nf7 28. Bxd6 Nxd6 29. Qc6 Ne5 30. Qc7+ Ndf7 31. Nf4 Nf3 32. Rh1 Bd6 33.
Rxd6 Nd4 34. Nh5+ Kf8 35. Rf6 Ne2+ 36. Kd2 Nd4 37. Rxf7+ Kg8 0-1

[Event "SPACE XV"]
[Site "http://www.queenalice.com/game.php?id=927905"]
[Date "2011.4.19"]
[Round "-"]
[White "perucona"]
[Black "MMontse"]
[Result "1-0"]
[WhiteElo "1355"]
[BlackElo "1308"]

1. e4 e5 2. d4 Nc6 3. d5 Na5 4. Bd2 c5 5. b3 Nf6 6. Nc3 h5 7. Nf3 d6 8. a3 a6 9.
Bc4 Ng4 10. O-O Qb6 11. b4 Nxc4 12. h3 Nf6 13. Na4 Qb5 14. Nc3 Qb6 15. bxc5 dxc5
16. Ne1 h4 17. g3 Bxh3 18. Ng2 Nb2 19. Qb1 c4 20. Ra2 1-0

[Event "streap-escacs"]
[Site "http://www.queenalice.com/game.php?id=928083"]
[Date "2011.4.20"]
[Round "-"]
[White "MMontse"]
[Black "Andreu"]
[Result "0-1"]
[WhiteElo "1303"]
[BlackElo "1921"]

1. e4 e5 2. Nf3 Nf6 3. Nc3 Nc6 4. d3 Bc5 5. Nb5 a6 6. Nc3 Ng4 7. Be3 Nxe3 8.
fxe3 Bxe3 9. h4 h5 10. Nd5 Bh6 11. b4 f6 12. c3 d6 13. d4 Bg4 14. Qa4 b5 15.
Bxb5 axb5 16. Qxb5 Bd7 17. a4 Nxd4 18. Qd3 Bxa4 19. cxd4 c6 20. Nc3 Bb3 21. Rb1
Be6 22. d5 cxd5 23. exd5 Bd7 24. Nb5 Qb6 25. Na3 O-O 26. Nc4 Qb8 27. g3 Bb5 28.
Qe4 Ra2 29. Qf5 Bxc4 30. Qxh5 Re2+ 31. Kd1 Qb5 32. g4 Qa4+ 33. Rb3 Qxb3# 0-1

[Event "Challenge"]
[Site "http://www.queenalice.com/game.php?id=936213"]
[Date "2011.5.9"]
[Round "-"]
[White "soudeDeus"]
[Black "MMontse"]
[Result "1-0"]
[WhiteElo "1396"]
[BlackElo "1247"]

1. g3 e5 2. Bg2 d6 3. b3 c5 4. Bb2 Nc6 5. e3 g6 6. f4 Na5 7. fxe5 dxe5 8. Nf3 e4
9. Bxh8 exf3 10. Bxf3 Bh3 11. Bc3 f5 12. d4 Qg5 13. dxc5 1-0

[Event "Challenge"]
[Site "http://www.queenalice.com/game.php?id=939665"]
[Date "2011.5.18"]
[Round "-"]
[White "flaabraao"]
[Black "MMontse"]
[Result "0-1"]
[WhiteElo "1325"]
[BlackElo "1235"]

1. Nc3 e5 2. e4 c5 3. Nf3 d6 4. Bb5+ Bd7 5. Bxd7+ Qxd7 6. O-O Nf6 7. b3 Na6 8.
d3 Ng4 9. h3 Nf6 10. a3 h6 11. a4 Nb4 12. Ba3 g5 0-1